Přehled sortimentu a charakteristik průmyslových trhavin v ČSSR

Bibliographic Details
Main Authors: Pěkný, Miroslav (Author), Štěpán, Ludvík (Author), Jarosz, Jindřich (Author)
Format: Book
Language:Czech
PhysicalDescription:58, [1] s. 8°
Published: Ostrava Věděckovýzkumný uhelný ústav 1989
ISBN:8085108097
Series:Samostatná publikace
Subjects:

MARC

LEADER 00000nam a2200000 a 4500
001 vtls001336333
003 SK-MaSNL
005 20260301235818.0
008 251113s1989 xr 0 cze
020 |a 8085108097 
035 |a SNK000289320 
040 |a SNK  |b slo  |c SNK  |e AACR2 
041 0 |a cze 
044 |a CZ 
080 |a 662.2(437)  |2 1981 
100 1 |a Pěkný, Miroslav  |4 aut  |9 633546 
245 1 0 |a Přehled sortimentu a charakteristik průmyslových trhavin v ČSSR  |c Miroslav Pěkný, Ludvík Štěpán, Jindřich Jarosz 
260 |a Ostrava  |b Věděckovýzkumný uhelný ústav  |c 1989 
300 |a 58, [1] s.  |c 8° 
490 1 |a Samostatná publikace  |v č. 40 
650 0 7 |a trhaviny priemyselné  |z ČSSR  |x výskumy  |2 SNK  |9 633547 
700 1 |a Štěpán, Ludvík  |4 aut  |9 7004 
700 1 |a Jarosz, Jindřich  |4 aut  |9 633548 
830 0 |a Samostatná publikace  |9 283048 
919 |a 80-85108-09-7 
958 |a RK 
958 |a OND 
999 |c 976739  |d 978669 
952 |t P60, <04>, [BOOK], {604}  |a SNK  |b SNK  |y VYP  |7 0  |p 17A0178873  |o snkID 89960 D1  |0 0  |1 1  |4 0  |d 1999-01-26  |l 0  |r 2005-01-02 00:00:00  |w 2026-02-24 
952 |t P60, <04>, [BOOK], {604}  |a SNK  |b SNK  |y VYP  |7 0  |p 17A0217100  |o snkID 89960  |0 0  |1 0  |4 0  |d 1999-11-02  |l 0  |r 2005-01-02 00:00:00  |w 2026-02-24